[Event "Charlotte CCCSA Summer IM-D"]
[Site "Charlotte"]
[Date "2021.08.01"]
[Round "9"]
[White "Paciorkowski, Lev"]
[Black "Lu, Ming"]
[Result "1/2-1/2"]
[WhiteElo "2262"]
[BlackElo "2174"]
[PlyCount "33"]
[EventDate "2021.07.28"]
[EventType "tourn"]
[EventRounds "9"]
[EventCountry "USA"]
[SourceTitle "CBM 203 Extra"]
[Source "ChessBase"]
[SourceDate "2021.09.30"]
[SourceVersion "1"]
[SourceVersionDate "2021.09.30"]
[SourceQuality "1"]

1. e4 e6 2. d3 d5 3. Qe2 Nf6 4. Nf3 c5 5. g3 Nc6 6. Bg2 Be7 7. 0-0 0-0 8. e5 Ne8 9. c4 Nc7 10. Nc3 Rb8 11. Rd1 b5 12. b3 a6 13. h4 Bb7 14. h5 h6 15. Bf4 b4 16. Nb1 f5 17. Re1 1/2-1/2

[Event "Charlotte CCCSA Summer IM-D"]
[Site "Charlotte"]
[Date "2021.07.31"]
[Round "7"]
[White "Lu, Ming"]
[Black "Tello Chavez, Isaac Valentino"]
[Result "1-0"]
[WhiteElo "2174"]
[BlackElo "2270"]
[PlyCount "31"]
[EventDate "2021.07.28"]
[EventType "tourn"]
[EventRounds "9"]
[EventCountry "USA"]
[SourceTitle "CBM 203 Extra"]
[Source "ChessBase"]
[SourceDate "2021.09.30"]
[SourceVersion "1"]
[SourceVersionDate "2021.09.30"]
[SourceQuality "1"]

1. c4 c6 2. d4 d5 3. Nc3 Nf6 4. e3 a6 5. Nf3 Bf5 6. Ne5 h6 7. Qb3 b5 8. cxd5 cxd5 9. a4 b4 10. Qxb4 Qc7 11. Bd2 e6 12. Qb3 Bd6 13. Rc1 Qd8 14. Qb7 Nbd7 15. Nc6 Qc8 16. Bxa6 1-0

[Event "Charlotte CCCSA Summer IM-D"]
[Site "Charlotte"]
[Date "2021.07.31"]
[Round "6"]
[White "Nakada, Akira W"]
[Black "Lu, Ming"]
[Result "1/2-1/2"]
[WhiteElo "2199"]
[BlackElo "2174"]
[PlyCount "99"]
[EventDate "2021.07.28"]
[EventType "tourn"]
[EventRounds "9"]
[EventCountry "USA"]
[SourceTitle "CBM 203 Extra"]
[Source "ChessBase"]
[SourceDate "2021.09.30"]
[SourceVersion "1"]
[SourceVersionDate "2021.09.30"]
[SourceQuality "1"]

1. c4 c6 2. Nf3 d5 3. e3 Nf6 4. Nc3 e6 5. b3 Bd6 6. Bb2 0-0 7. d4 Nbd7 8. Be2 e5 9. dxe5 Nxe5 10. cxd5 cxd5 11. 0-0 Nxf3+ 12. Bxf3 Be5 13. Na4 Bxb2 14. Nxb2 Bf5 15. Qd4 Qa5 16. Nd3 Rac8 17. Nb4 Be4 18. Be2 Qa3 19. f3 a5 20. fxe4 Qxb4 21. e5 Ne4 22. Qxd5 Nc3 23. Qf3 Nxe2+ 24. Qxe2 Qe4 25. Qf3 Qxe5 26. Qxb7 Qxe3+ 27. Kh1 Rc2 28. Rae1 Re2 29. Rd1 h6 30. Ra1 Qd3 31. a3 Ra2 32. Qf3 Qxf3 33. gxf3 Rc2 34. b4 axb4 35. axb4 Rb8 36. Rfb1 Rf2 37. b5 Rxf3 38. b6 Re3 39. Ra7 Re6 40. b7 Kh7 41. Ra8 Ree8 42. Rxb8 Rxb8 43. Rb6 f6 44. Kg2 Kg6 45. Kg3 Kf5 46. Kh4 g6 47. Kg3 Ke5 48. h4 g5 49. hxg5 hxg5 50. Kg4 1/2-1/2

[Event "Charlotte CCCSA Summer IM-D"]
[Site "Charlotte"]
[Date "2021.07.28"]
[Round "1"]
[White "Lu, Ming"]
[Black "Kolay, Alex"]
[Result "0-1"]
[WhiteElo "2174"]
[BlackElo "2203"]
[PlyCount "54"]
[EventDate "2021.07.28"]
[EventType "tourn"]
[EventRounds "9"]
[EventCountry "USA"]
[SourceTitle "CBM 203 Extra"]
[Source "ChessBase"]
[SourceDate "2021.09.30"]
[SourceVersion "1"]
[SourceVersionDate "2021.09.30"]
[SourceQuality "1"]

1. c4 Nf6 2. Nc3 c6 3. d4 d5 4. e3 e6 5. Nf3 Nbd7 6. Qc2 Bd6 7. Bd3 dxc4 8. Bxc4 0-0 9. 0-0 e5 10. h3 h6 11. b3 Re8 12. Bb2 e4 13. Nd2 Nb6 14. Ncxe4 Nxe4 15. Nxe4 Nxc4 16. bxc4 Bf5 17. f3 Qg5 18. Qb3 Rxe4 19. fxe4 Bxe4 20. Rf2 Qg3 21. Kf1 Qh2 22. Ke2 Bg3 23. Qxb7 Bxf2 24. Qxa8+ Kh7 25. Kd2 Qxg2 26. Rc1 Be1+ 27. Kxe1 Bd3 0-1

[Event "Titled Tuesday intern op 06th July"]
[Site "Chess.com INT"]
[Date "2021.07.06"]
[Round "4"]
[White "Karttunen, Mika"]
[Black "Lu, Ming"]
[Result "1-0"]
[WhiteElo "2480"]
[BlackElo "2174"]
[PlyCount "149"]
[EventDate "2021.07.06"]
[EventType "swiss (blitz)"]
[EventRounds "11"]
[EventCountry "USA"]
[SourceTitle "EXT 2022"]
[Source "ChessBase"]
[SourceDate "2021.10.06"]
[SourceVersion "1"]
[SourceVersionDate "2021.10.06"]
[SourceQuality "1"]

1. d4 Nf6 2. c4 g6 3. Nc3 d5 4. Bg5 Ne4 5. Bh4 Nxc3 6. bxc3 Bg7 7. e3 0-0 8. Nf3 c5 9. cxd5 Qxd5 10. Be2 Nc6 11. 0-0 Bf5 12. Nd2 cxd4 13. exd4 Rac8 14. Bf3 Qd7 15. Nb3 b6 16. Re1 Na5 17. Nxa5 bxa5 18. Rxe7 Qd6 19. Rxa7 Rxc3 20. Be7 Qxd4 21. Bxf8 Qxa7 22. Bxg7 Kxg7 23. Rc1 Rxc1 24. Qxc1 Qd4 25. h3 a4 26. a3 Be6 27. Qe3 Qa1+ 28. Kh2 Bb3 29. Qc5 Qf6 30. Kg1 Qe6 31. Bc6 Qe1+ 32. Kh2 h5 33. Qd4+ Kh7 34. Bxa4 Bxa4 35. Qxa4 Qxf2 36. Qb4 h4 37. a4 Kh6 38. a5 f5 39. a6 f4 40. Qb1 Qg3+ 41. Kg1 f3 42. Qf1 fxg2 43. Qxg2 Qe1+ 44. Qf1 Qe3+ 45. Kg2 Qe4+ 46. Qf3 Qc2+ 47. Kg1 Qb1+ 48. Qf1 Qb6+ 49. Kg2 Qc6+ 50. Kf2 Qf6+ 51. Ke1 Qe6+ 52. Qe2 Qb6 53. Qd2+ Kh7 54. Qd7+ Kh6 55. a7 Qb1+ 56. Kd2 Qb2+ 57. Kd3 Qb3+ 58. Ke4 Qc2+ 59. Ke5 Qc3+ 60. Ke6 Qe3+ 61. Kf7 Qf4+ 62. Kg8 Qc4+ 63. Qf7 Qc8+ 64. Qf8+ Qxf8+ 65. Kxf8 g5 66. a8Q g4 67. Qc6+ Kg5 68. Qd5+ Kf4 69. Qd4+ Kg3 70. Qxg4+ Kh2 71. Qxh4 Kh1 72. Qg4 Kh2 73. h4 Kh1 74. h5 Kh2 75. h6 1-0

[Event "Titled Tuesday intern op 06th July"]
[Site "Chess.com INT"]
[Date "2021.07.06"]
[Round "1"]
[White "Lu, Ming"]
[Black "Shetty, Atulya"]
[Result "1/2-1/2"]
[WhiteElo "2174"]
[BlackElo "2453"]
[PlyCount "107"]
[EventDate "2021.07.06"]
[EventType "swiss (blitz)"]
[EventRounds "11"]
[EventCountry "USA"]
[SourceTitle "EXT 2022"]
[Source "ChessBase"]
[SourceDate "2021.10.06"]
[SourceVersion "1"]
[SourceVersionDate "2021.10.06"]
[SourceQuality "1"]

1. d4 d5 2. c4 c6 3. Nc3 Nf6 4. cxd5 cxd5 5. Bf4 Nc6 6. e3 a6 7. Nf3 Bg4 8. Bd3 e6 9. 0-0 Bd6 10. Bxd6 Qxd6 11. h3 Bxf3 12. Qxf3 0-0 13. Rac1 b5 14. Rfd1 Rac8 15. g3 Na5 16. e4 dxe4 17. Nxe4 Nxe4 18. Qxe4 g6 19. b3 Nc6 20. Bb1 Rfd8 21. Kg2 Ne7 22. Rxc8 Rxc8 23. Qe5 Rd8 24. Rc1 Qxd4 25. Qxd4 Rxd4 26. Rc7 Kf8 27. Ra7 Rd6 28. Be4 Nd5 29. Bxd5 exd5 30. Kf3 Kg7 31. Ke3 d4+ 32. Kd3 Kf6 33. f4 h5 34. g4 hxg4 35. hxg4 g5 36. fxg5+ Kg6 37. Re7 Rd5 38. Ra7 Rd6 39. b4 Rc6 40. a3 Rc3+ 41. Kxd4 Rxa3 42. Kc5 Ra1 43. Kb6 Rf1 44. Kxa6 Ra1+ 45. Kb6 Rxa7 46. Kxa7 Kxg5 47. Kb6 Kxg4 48. Kxb5 f5 49. Kc6 f4 50. b5 f3 51. b6 f2 52. b7 f1Q 53. b8Q Qc4+ 54. Kb7 1/2-1/2